000 00396nam a22001577a 4500
008 230525b ||||| |||| 00| 0 eng d
020 _a9788193753484
041 _aeng
082 _a344.1
_bMUL
100 _aMurugan Annamalai
245 _aLabour Laws
_cBy Annamalai Murugan
_b: Cases and Materials
260 _aNew Delhi
_bBest Pub.
_c2022
300 _a446p.
650 _aLAW
942 _cBK
999 _c46697
_d46697